Statistics for Countries of Europe by Vowel-Consonant Pattern

Click here to take the quiz!

General Stats

  • This quiz has been taken 10 times
  • The average score is 23 of 34

Answer Stats

PatternCountry% Correct
VVCCCVVAustria
100%
CCVVCSpain
100%
VCCVCVVAlbania OR Estonia
89%
CCVVCVGreece
89%
VCVCVCCIceland OR Ireland
89%
VCVCVItaly
89%
CVCVCVKosovo OR Monaco
89%
CVCCVVLatvia, Norway, Russia, Serbia, OR Turkey
89%
CVVCCCVCCCVVCLiechtenstein
89%
CCVCCVCCVCCSwitzerland
89%
CVCCVCCDenmark OR Finland
78%
CVCCVCVGermany, Hungary, OR Moldova
78%
CVCCVCCVCCCNetherlands
78%
CCVCVCVVSlovakia OR Slovenia
78%
CVCCVVCBelgium
67%
CVCCVVVCCCVCCVCVCVCVBosnia and Herzegovina
67%
CCVCCVFrance
67%
CVCCVMalta
67%
CVCCVCVCCVMontenegro
67%
CCVCVCSweden
67%
VCCVVCVUkraine
67%
VCVCVCCVCCCVCUnited Kingdom
67%
VCCVCCVAndorra
56%
CVCCVVCVVLithuania
56%
CVCVCCVVCCLuxembourg
56%
CVCVCCPoland
56%
CVCVCVVRomania
56%
CVCVCVCCVCVVatican City
56%
CVCVCVCBelarus
44%
CCVVCVVCroatia
44%
CCVCCCVCVCCVCCzech Republic
44%
CVCCVCVCVSan Marino
44%
CVCCVCVVBulgaria
33%
CVCCVCVCPortugal
33%

Score Distribution

Percentile by Number Answered

Percent of People with Each Score

Your Score History

You have not taken this quiz